000 01514 a2200253 4500
001 2162214035926739
003 UA-OsUOA
005 20260422153835.0
008 260422b pl ao||| |||| 00| 0dpol d
020 _a9788324077915
040 _aUA-OsUOA
_bpol
_cUA-OsUOA
_dUA-OsUOA
041 _apol
080 _a94(438)"1939/1945"
090 _a94(438)"1939/1945"
_bO-25
100 _aOdrobińska M.
_925025
245 _aDzieci wojny. Prawdziwe historie
_bMali Polacy, którzy ocaleli
_cMonika Odrobińska
260 _aKraków
_bZnak Horyzont
_c2022
300 _a365 s.
520 _aWstrząsający zbiór reportaży i wspomnień, w którym Monika Odrobińska oddaje głos ostatnim świadkom historii – osobom, których dzieciństwo przypadło na lata II wojny światowej. Książka dokumentuje losy dzieci deportowanych na Syberię, więźniów obozów koncentracyjnych oraz tych, którzy przetrwali pacyfikacje polskich wsi i powstanie warszawskie. Autorka z ogromną wrażliwością kreśli obraz wojny widzianej oczami najmłodszych, skupiając się nie tylko na traumatycznych przeżyciach, ale także na niezwykłej sile przetrwania i woli życia. To poruszający dokument historyczny, który ocala od zapomnienia losy pokolenia naznaczonego piętnem konfliktu, stanowiąc jednocześnie hołd dla ich hartu ducha.
650 _a94 Історія загалом
_940
942 _cBK
_2udc
955 _a4
999 _c580448
_d580448